[Event "II Open FIDE"]
[Site "Forli' ITA"]
[Date "1989.06.23"]
[Round "7"]
[White "Votruba, Pavel"]
[Black "Raiano, Andrea"]
[WhiteElo "2355"]
[BlackElo "2240"]
[Result "1/2-1/2"]
[PlyCount "23"]
[EventDate "1989.06.17"]

1. Nf3 Nf6 2. c4 c6 3. d4 g6 4. Nc3 Bg7 5. e4 d6 6. h3 O-O 7. Be3 e5 8. d5 Ne8
9. g4 cxd5 10. cxd5 Na6 11. g5 f5 12. h4 1/2-1/2

[Event "II Open FIDE"]
[Site "Forli' ITA"]
[Date "1989.06.24"]
[Round "8"]
[White "Bartsch, Berthold"]
[Black "Martorelli, Antonio"]
[WhiteElo "2275"]
[BlackElo "2250"]
[Result "1-0"]
[PlyCount "127"]
[EventDate "1989.06.17"]

1. e4 c5 2. Nc3 e6 3. g3 d5 4. Bg2 d4 5. Nce2 Nc6 6. d3 g5 7. h3 e5 8. f4 gxf4
9. gxf4 Qh4+ 10. Kf1 Bd6 11. Nf3 Qe7 12. f5 Bd7 13. a3 h5 14. Bg5 f6 15. Bd2
Qf7 16. Nh4 Nge7 17. b3 O-O-O 18. Bf3 Rdg8 19. Kf2 Bc7 20. Ng3 Ba5 21. Bxa5
Nxa5 22. b4 Nac6 23. Qd2 c4 24. dxc4 Qxc4 25. Qd3 Qf7 26. Rhg1 Rg5 27. Ne2 a6
28. Rgb1 Kb8 29. c3 Bc8 30. a4 Na7 31. b5 a5 32. cxd4 exd4 33. Qxd4 Rgg8 34.
Qd6+ Ka8 35. Rc1 Rd8 36. Qb6 Rd7 37. Qxa5 Kb8 38. e5 fxe5 39. b6 Nac6 40. Bxc6
Nxc6 41. Rxc6 bxc6 42. Qxe5+ Kb7 43. Qxh8 Rd2 44. Qe5 Rd5 45. Qc7+ Qxc7 46.
bxc7 Bxf5 47. Nxf5 Rxf5+ 48. Kg3 Ra5 49. Nf4 Kxc7 50. Kh4 c5 51. Kxh5 c4+ 52.
Kg4 Kd6 53. h4 Kc5 54. h5 c3 55. h6 Ra7 56. Ne6+ Kd5 57. Ng5 c2 58. h7 Rxa4+
59. Rxa4 c1=Q 60. Ra5+ Kc4 61. h8=Q Qg1+ 62. Kf4 Qc1+ 63. Kf5 Qf1+ 64. Ke6 1-0

[Event "II Open FIDE"]
[Site "Forli' ITA"]
[Date "1989.06.24"]
[Round "8"]
[White "Beulen, Marcel"]
[Black "Den Boer, Ber"]
[WhiteElo "2225"]
[BlackElo "2290"]
[Result "1/2-1/2"]
[PlyCount "32"]
[EventDate "1989.06.17"]

1. e4 d6 2. d4 Nf6 3. Nc3 g6 4. f4 Bg7 5. a4 Na6 6. Nf3 c5 7. Bb5+ Bd7 8. e5
Ng4 9. e6 fxe6 10. Ng5 Bxd4 11. Nxe6 Bxb5 12. Nxd8 Bf2+ 13. Kd2 Be3+ 14. Ke1
Bf2+ 15. Kd2 Be3+ 16. Ke1 Bf2+ 1/2-1/2

[Event "II Open FIDE"]
[Site "Forli' ITA"]
[Date "1989.06.24"]
[Round "8"]
[White "Caposciutti, Maurizio"]
[Black "Belotti, Bruno"]
[WhiteElo "2265"]
[BlackElo "2350"]
[Result "0-1"]
[PlyCount "112"]
[EventDate "1989.06.17"]

1. c4 g6 2. Nc3 Bg7 3. g3 d6 4. Bg2 Nc6 5. e3 e5 6. Nge2 h5 7. h4 Bg4 8. Rb1
Nge7 9. d3 Rb8 10. b4 a6 11. a4 a5 12. b5 Nb4 13. Ba3 c5 14. O-O O-O 15. e4 Bh6
16. Bc1 Bxc1 17. Rxc1 f6 18. Qd2 Rf7 19. Nd5 Nexd5 20. cxd5 Qf8 21. Nc3 Kh7 22.
Nb1 Qh6 23. Qxh6+ Kxh6 24. f3 Bd7 25. Na3 Nxd3 26. Nc4 Nxc1 27. Rxc1 b6 28.
Nxd6 Re7 29. f4 Kg7 30. Nc4 Bg4 31. Kf2 exf4 32. gxf4 g5 33. hxg5 fxg5 34. fxg5
Kg6 35. e5 Kxg5 36. Re1 h4 37. e6 h3 38. Be4 Kf4 39. Bh1 Bf5 40. Re3 h2 41.
Rf3+ Kg5 42. Ne5 Be4 43. Rg3+ Kf4 44. Ng6+ Bxg6 45. Rxg6 Ke5 46. Rh6 Rf8+ 47.
Ke3 Rg7 48. Rh5+ Kd6 49. Rxh2 c4 50. Kd4 Rg4+ 51. Kc3 Rg3+ 52. Kc2 Ra3 53. Kb2
Re3 54. Kc2 Ra3 55. Kb2 Re3 56. Kc2 Rf4 0-1

[Event "II Open FIDE"]
[Site "Forli' ITA"]
[Date "1989.06.24"]
[Round "8"]
[White "De Eccher, Stefano"]
[Black "Delchev, Aleksander"]
[WhiteElo "2270"]
[BlackElo "2410"]
[Result "0-1"]
[PlyCount "79"]
[EventDate "1989.06.17"]

1. e4 Nf6 2. e5 Nd5 3. Nc3 c6 4. d4 d6 5. Nxd5 cxd5 6. Bd3 Nc6 7. exd6 Qxd6 8.
c3 g6 9. Nf3 Bg7 10. O-O O-O 11. Re1 a6 12. a4 Kh8 13. Qe2 Bg4 14. h3 Bxf3 15.
Qxf3 f6 16. b3 Qd7 17. Ba3 Rf7 18. Rad1 e5 19. dxe5 Nxe5 20. Qe2 Qc6 21. Rc1
Qb6 22. Bc2 Rc8 23. Bb2 Rd7 24. Red1 f5 25. Kh1 Nf7 26. Rd3 Rcd8 27. Ba3 Be5
28. Re3 Bd6 29. Bb2 a5 30. h4 Bc5 31. Re8+ Kg7 32. h5 Rxe8 33. Qxe8 Qd8 34.
Qxd8 Rxd8 35. hxg6 hxg6 36. Kg1 Rd7 37. Bd3 Be7 38. Bb5 Rd8 39. Rd1 Bf6 40. g3
0-1

[Event "II Open FIDE"]
[Site "Forli' ITA"]
[Date "1989.06.24"]
[Round "8"]
[White "Djuric, Stefan"]
[Black "Marinelli, Tullio"]
[WhiteElo "2475"]
[BlackElo "2260"]
[Result "1-0"]
[PlyCount "63"]
[EventDate "1989.06.17"]

1. e4 c5 2. Nf3 d6 3. d4 cxd4 4. Nxd4 Nf6 5. Nc3 a6 6. f4 e5 7. Nf3 Nbd7 8. Bc4
Be7 9. a4 O-O 10. Qe2 b6 11. O-O Nc5 12. fxe5 dxe5 13. Bg5 Ne6 14. Rad1 Qc7 15.
Nd5 Nxd5 16. Bxd5 Bc5+ 17. Kh1 Ra7 18. c3 a5 19. Qd2 Re8 20. b4 Bf8 21. Be3 Bd7
22. Qf2 Rb8 23. Nxe5 Bxa4 24. Bxe6 fxe6 25. Rd7 Qxd7 26. Nxd7 Rxd7 27. Qa2 Bb5
28. Qxe6+ Kh8 29. c4 Rd3 30. cxb5 Rxe3 31. Qe5 Ra8 32. Qf4 1-0

[Event "II Open FIDE"]
[Site "Forli' ITA"]
[Date "1989.06.24"]
[Round "8"]
[White "Garcia Palermo, Carlos Horacio"]
[Black "Forintos, Gyozo Victor"]
[WhiteElo "2470"]
[BlackElo "2390"]
[Result "1-0"]
[PlyCount "74"]
[EventDate "1989.06.17"]

1. d4 Nf6 2. c4 e6 3. Nc3 Bb4 4. Qc2 O-O 5. a3 Bxc3+ 6. Qxc3 b6 7. Bg5 Bb7 8.
f3 d5 9. cxd5 exd5 10. e3 Nbd7 11. Bd3 h6 12. Bh4 Re8 13. Ne2 Qe7 14. Qxc7 Qxe3
15. Rd1 Rab8 16. Bf2 Qe7 17. O-O Rec8 18. Qf4 Nf8 19. Ng3 Ng6 20. Nf5 Qd8 21.
Qd2 Rc6 22. Rfe1 Bc8 23. g4 Bxf5 24. gxf5 Nf8 25. Bb5 Rcc8 26. Bg3 Ra8 27. Ba6
Rc7 28. Bxc7 Qxc7 29. Re2 N8d7 30. Qc1 Qd6 31. Rde1 Rf8 32. Bc8 Nb8 33. Bb7 Kh7
34. Re7 Nh5 35. Qc7 Qf6 36. Bxd5 Qg5+ 37. Kh1 Nf4 1-0

[Event "II Open FIDE"]
[Site "Forli' ITA"]
[Date "1989.06.24"]
[Round "8"]
[White "Kosten, Anthony C."]
[Black "Laco, Giuseppe"]
[WhiteElo "2505"]
[BlackElo "2265"]
[Result "1-0"]
[PlyCount "105"]
[EventDate "1989.06.17"]

1. e4 c5 2. Nf3 e6 3. d4 cxd4 4. Nxd4 Nf6 5. Nc3 Nc6 6. Ndb5 Bb4 7. a3 Bxc3+ 8.
Nxc3 O-O 9. Bd3 h6 10. f4 d5 11. e5 Nd7 12. O-O Nc5 13. Be2 Ne4 14. Nxe4 dxe4
15. Be3 b6 16. c4 Ne7 17. Qxd8 Rxd8 18. Rfd1 Ba6 19. Kf2 Nf5 20. g4 Nxe3 21.
Kxe3 Bb7 22. Rxd8+ Rxd8 23. Rd1 Rxd1 24. Bxd1 f5 25. exf6 gxf6 26. f5 e5 27.
Bc2 Ba6 28. b3 Kf8 29. Bxe4 Ke7 30. Bd5 Bc8 31. Ke4 Kd6 32. Kd3 Bd7 33. Be4 Be8
34. Bd5 Bd7 35. h4 Bc8 36. Kc3 Bd7 37. b4 Be8 38. Kb3 Bd7 39. a4 Bc8 40. Be4
Bd7 41. a5 Be8 42. a6 Bf7 43. Kc3 Bg8 44. Bf3 Bf7 45. Be4 Bg8 46. Bc2 Bf7 47.
Ba4 Bg8 48. Bb3 Bh7 49. c5+ bxc5 50. b5 Kc7 51. g5 fxg5 52. f6 Kd6 53. f7 1-0

[Event "II Open FIDE"]
[Site "Forli' ITA"]
[Date "1989.06.24"]
[Round "8"]
[White "Nikolic, Stanimir"]
[Black "Votruba, Pavel"]
[WhiteElo "2320"]
[BlackElo "2355"]
[Result "1-0"]
[PlyCount "88"]
[EventDate "1989.06.17"]

1. e4 e6 2. d3 d5 3. Nd2 c5 4. Ngf3 Nc6 5. g3 Bd6 6. Bg2 Nge7 7. O-O O-O 8. Re1
Bc7 9. c3 b6 10. e5 a5 11. d4 cxd4 12. cxd4 Ba6 13. Nf1 Rc8 14. Bg5 Qd7 15. h4
Kh8 16. N1h2 Ng8 17. Bh3 b5 18. Qe2 Bb6 19. Red1 Qa7 20. Qd2 b4 21. h5 f5 22.
exf6 gxf6 23. Be3 Rce8 24. Rac1 Bb5 25. Bf1 Bxf1 26. Kxf1 Nce7 27. Bf4 Qd7 28.
Kg2 Nf5 29. Qd3 Rc8 30. g4 Nd6 31. Rxc8 Rxc8 32. Ne5 Qb7 33. Qh3 Nf7 34. Ng6+
Kg7 35. Nf3 hxg6 36. g5 Nxg5 37. Bxg5 fxg5 38. hxg6 Kxg6 39. Qxe6+ Nf6 40. Ne5+
Kg7 41. Qf5 Bd8 42. Qg6+ Kf8 43. Rh1 Qg7 44. Rh8+ Ng8 1-0

[Event "II Open FIDE"]
[Site "Forli' ITA"]
[Date "1989.06.24"]
[Round "8"]
[White "Polaczek, Richard"]
[Black "Valenti, Giuseppe"]
[WhiteElo "2375"]
[BlackElo "2255"]
[Result "1-0"]
[PlyCount "91"]
[EventDate "1989.06.17"]

1. d4 Nf6 2. c4 c5 3. d5 e6 4. Nc3 exd5 5. cxd5 d6 6. Nf3 g6 7. Bg5 Bg7 8. e3
a6 9. a4 Bg4 10. Qc2 Bxf3 11. gxf3 Qa5 12. Rd1 Nbd7 13. Be2 O-O 14. O-O Rab8
15. Ne4 Nxe4 16. fxe4 Rfe8 17. Bf4 Ne5 18. Bg3 Qb4 19. b3 Rbc8 20. Rb1 Rc7 21.
Rfd1 b5 22. axb5 axb5 23. f4 Nd7 24. e5 c4 25. bxc4 Qc5 26. Bf2 dxe5 27. e4 Qd6
28. Rxb5 Rec8 29. f5 Bf6 30. Kh1 Be7 31. Qb1 Kg7 32. Bb6 Rxc4 33. Bxc4 Rxc4 34.
Qd3 Ra4 35. Bf2 Nf6 36. Re1 Qa6 37. Bh4 Ng4 38. Bg3 Ra2 39. Qc4 Qa7 40. Qc3 Bf6
41. Qc5 Qa4 42. Rb8 Kh6 43. fxg6 hxg6 44. h3 Ra1 45. Rxa1 Qxa1+ 46. Qg1 1-0

[Event "II Open FIDE"]
[Site "Forli' ITA"]
[Date "1989.06.24"]
[Round "8"]
[White "Pozzi, Enrico"]
[Black "Pastorini, Mario"]
[WhiteElo "2295"]
[BlackElo "2305"]
[Result "1-0"]
[PlyCount "49"]
[EventDate "1989.06.17"]

1. e4 c5 2. Nf3 e6 3. d4 cxd4 4. Nxd4 Nf6 5. Bd3 Nc6 6. Nxc6 dxc6 7. O-O e5 8.
Nd2 Bg4 9. Qe1 Bc5 10. Nc4 Nd7 11. b4 Be7 12. Bb2 Qc7 13. a3 O-O 14. Ne3 Be6
15. c4 a5 16. Qc3 Ra7 17. c5 Rfa8 18. Rac1 axb4 19. axb4 f6 20. Bc4 Bxc4 21.
Qxc4+ Kh8 22. Nf5 Bf8 23. Rc3 b6 24. Rb3 bxc5 25. Nh6 1-0

[Event "II Open FIDE"]
[Site "Forli' ITA"]
[Date "1989.06.24"]
[Round "8"]
[White "Raiano, Andrea"]
[Black "Tringov, Georgi Petrov"]
[WhiteElo "2240"]
[BlackElo "2425"]
[Result "0-1"]
[PlyCount "104"]
[EventDate "1989.06.17"]

1. e4 c5 2. Nf3 d6 3. d4 cxd4 4. Qxd4 a6 5. Bg5 Nc6 6. Qd2 h6 7. Bh4 g5 8. Bg3
Nf6 9. Bd3 Nh5 10. c3 Bg7 11. Na3 O-O 12. Nc4 b5 13. Ne3 Rb8 14. Qe2 b4 15. Nd4
Nxg3 16. hxg3 Nxd4 17. cxd4 Qa5 18. Qd2 Re8 19. f4 gxf4 20. gxf4 Qb6 21. e5
dxe5 22. fxe5 Rd8 23. O-O-O Rxd4 24. Bh7+ Kxh7 25. Qxd4 Qxd4 26. Rxd4 Bxe5 27.
Re4 Bf6 28. Kd1 Bxb2 29. Rh5 Be6 30. Ra5 Bf6 31. Rxe6 fxe6 32. Rxa6 Rd8+ 33.
Ke2 Rd6 34. Ra7 Kg6 35. Rb7 Ra6 36. Rxb4 Rxa2+ 37. Kf3 Ra3 38. Ke2 h5 39. Rc4
Bg5 40. Nf1 Ra2+ 41. Kf3 e5 42. Rb4 Ra3+ 43. Ke4 Bf4 44. Rb2 e6 45. Re2 h4 46.
Rb2 Kh5 47. Rc2 Kg4 48. Rf2 Rb3 49. Re2 Ra3 50. Rf2 Ra4+ 51. Kd3 e4+ 52. Kc3 e3
0-1

[Event "II Open FIDE"]
[Site "Forli' ITA"]
[Date "1989.06.24"]
[Round "8"]
[White "Yermolinsky, Alex"]
[Black "Pavlovic, Milos"]
[WhiteElo "2480"]
[BlackElo "2375"]
[Result "1/2-1/2"]
[PlyCount "46"]
[EventDate "1989.06.17"]

1. d4 Nf6 2. Nf3 e6 3. Bg5 c5 4. e3 cxd4 5. exd4 Be7 6. Nbd2 O-O 7. c3 d6 8.
Bd3 Nbd7 9. O-O b6 10. Re1 Bb7 11. Nc4 Re8 12. a4 Qc7 13. a5 b5 14. Ne3 a6 15.
c4 e5 16. cxb5 axb5 17. Bxb5 Rxa5 18. Bxf6 Rxb5 19. Bxe7 Rxe7 20. Rc1 Qb8 21.
Nf5 Re8 22. dxe5 Nxe5 23. Nxe5 Rbxe5 1/2-1/2

[Event "II Open FIDE"]
[Site "Forli' ITA"]
[Date "1989.06.25"]
[Round "9"]
[White "Belotti, Bruno"]
[Black "Laco, Giuseppe"]
[WhiteElo "2350"]
[BlackElo "2265"]
[Result "1-0"]
[PlyCount "97"]
[EventDate "1989.06.17"]

1. d4 g6 2. e4 Bg7 3. Nf3 c6 4. h3 d6 5. a4 a5 6. c3 Nf6 7. Nbd2 Qc7 8. Qc2 O-O
9. Be2 b6 10. O-O Ba6 11. Bxa6 Nxa6 12. Nc4 d5 13. exd5 cxd5 14. Nce5 Qb7 15.
Re1 Ne4 16. Bf4 Rac8 17. Qe2 Rfe8 18. Nd2 Nxd2 19. Qxd2 f6 20. Nf3 e6 21. Qd3
Nb8 22. Re2 Nd7 23. Rae1 Qc6 24. Qd1 g5 25. Bg3 Nf8 26. Nd2 Ng6 27. Nb1 f5 28.
f3 h5 29. Na3 f4 30. Bf2 h4 31. Nb5 Qd7 32. b3 Kf7 33. c4 Bf8 34. Qd3 Kf6 35.
Kh2 Bb4 36. Rc1 Rc6 37. Rec2 Rec8 38. c5 bxc5 39. dxc5 e5 40. Nd6 Rxd6 41. cxd6
Rxc2 42. Rxc2 Qxd6 43. Qb5 Ne7 44. Bc5 Bxc5 45. Qxc5 Qb8 46. Qxa5 Qxb3 47. Rc7
Qb8 48. Qa6+ Kf7 49. Qd6 1-0

[Event "II Open FIDE"]
[Site "Forli' ITA"]
[Date "1989.06.25"]
[Round "9"]
[White "Beulen, Marcel"]
[Black "De Eccher, Stefano"]
[WhiteElo "2225"]
[BlackElo "2270"]
[Result "1/2-1/2"]
[PlyCount "49"]
[EventDate "1989.06.17"]

1. e4 c5 2. Nf3 d6 3. d4 cxd4 4. Nxd4 Nf6 5. Nc3 g6 6. Be3 Bg7 7. f3 O-O 8. Qd2
Nc6 9. Bc4 Bd7 10. h4 Qa5 11. O-O-O Rfc8 12. Bb3 Ne5 13. Nd5 Qxd2+ 14. Rxd2 Kf8
15. Nxf6 Bxf6 16. h5 e6 17. Ne2 a5 18. a3 Ra6 19. hxg6 hxg6 20. Kb1 Bb5 21. Bd4
Ke7 22. Nc1 Bc4 23. c3 Bxb3 24. Nxb3 Nc4 25. Re2 1/2-1/2

[Event "II Open FIDE"]
[Site "Forli' ITA"]
[Date "1989.06.25"]
[Round "9"]
[White "Delchev, Aleksander"]
[Black "Djuric, Stefan"]
[WhiteElo "2410"]
[BlackElo "2475"]
[Result "1-0"]
[PlyCount "77"]
[EventDate "1989.06.17"]

1. d4 e6 2. e4 d5 3. Nd2 Nf6 4. Bd3 Nc6 5. e5 Nd7 6. c3 f5 7. Nh3 g6 8. Nf3 Qe7
9. Nf4 Nd8 10. h4 Rg8 11. a4 a5 12. b3 b6 13. Ba3 Qg7 14. Bxf8 Qxf8 15. Kf1 Qe7
16. Rg1 Bb7 17. g4 fxg4 18. Rxg4 Nc6 19. Qc1 O-O-O 20. Qa3 Qxa3 21. Rxa3 Rgf8
22. h5 gxh5 23. Rh4 Ne7 24. Ke2 Nf5 25. Nxe6 Nxh4 26. Nxh4 Rf7 27. Nxd8 Kxd8
28. Ra1 Nf8 29. Rg1 Bc8 30. Ke3 Ke7 31. f4 Bg4 32. f5 c5 33. c4 cxd4+ 34. Kxd4
dxc4 35. Bxc4 Rxf5 36. Rxg4 Ne6+ 37. Bxe6 Rf1 38. Nf5+ Kxe6 39. Ng7+ 1-0

[Event "II Open FIDE"]
[Site "Forli' ITA"]
[Date "1989.06.25"]
[Round "9"]
[White "Forintos, Gyozo Victor"]
[Black "Polaczek, Richard"]
[WhiteElo "2390"]
[BlackElo "2375"]
[Result "1-0"]
[PlyCount "109"]
[EventDate "1989.06.17"]

1. c4 g6 2. d4 Bg7 3. e4 d6 4. Nc3 Nf6 5. Nge2 O-O 6. Ng3 Nc6 7. d5 Nb8 8. Be2
c6 9. O-O e6 10. Bg5 h6 11. Be3 cxd5 12. cxd5 exd5 13. exd5 Nbd7 14. h3 Re8 15.
Qd2 Kh7 16. Qc2 a6 17. a4 Rxe3 18. fxe3 Qb6 19. Qd2 Ne5 20. a5 Qc7 21. Ra3 Qe7
22. b4 Ned7 23. Rc1 h5 24. Nf1 b5 25. axb6 Nxb6 26. Ra5 Bb7 27. b5 axb5 28.
Rxb5 Nfd7 29. Rcb1 Ra3 30. R5b3 Rxb3 31. Rxb3 Bxc3 32. Qxc3 Bxd5 33. Rb5 Qe4
34. Bf3 Qc4 35. Qb4 Qxb4 36. Rxb4 Bxf3 37. gxf3 Kg7 38. Kf2 Kf6 39. Ng3 Ke6 40.
Ne2 Nd5 41. Re4+ Kf6 42. Rd4 Ke6 43. Re4+ Kf6 44. Re8 Nc5 45. Nd4 Ne6 46. Nc6
Kg5 47. Ra8 Kh4 48. Nd8 Nb6 49. Rb8 Nxd8 50. Rxb6 Kxh3 51. Rxd6 Ne6 52. Rd7 Ng5
53. Re7 Kh2 54. e4 Nh3+ 55. Ke3 1-0

[Event "II Open FIDE"]
[Site "Forli' ITA"]
[Date "1989.06.25"]
[Round "9"]
[White "Meduna, Eduard"]
[Black "Nikolic, Stanimir"]
[WhiteElo "2485"]
[BlackElo "2320"]
[Result "1-0"]
[PlyCount "123"]
[EventDate "1989.06.17"]

1. d4 Nf6 2. Nf3 e6 3. Bg5 h6 4. Bh4 c5 5. c3 b6 6. e3 Be7 7. Bd3 Bb7 8. O-O d6
9. Nbd2 Nbd7 10. a4 g5 11. Bg3 h5 12. Nc4 Qc7 13. h4 gxh4 14. Bxh4 Rg8 15. Re1
Ne4 16. Bxe4 Bxe4 17. Ncd2 Qc6 18. g3 Bxh4 19. Nxh4 Nf6 20. Nxe4 Nxe4 21. Qxh5
Rg5 22. Qf3 f5 23. c4 a5 24. d5 Qd7 25. dxe6 Qxe6 26. Rad1 O-O-O 27. Rd5 Rf8
28. Red1 Kc7 29. Kg2 Rf6 30. Rh1 Qf7 31. Kg1 Qd7 32. b3 Rf7 33. Ng2 Rfg7 34.
Qf4 Nc3 35. Rd2 Rg4 36. Qh6 Qe7 37. Nf4 Kb7 38. Qe6 Qg5 39. Kf1 Ne4 40. Rxd6
Nxd6 41. Qxd6 Qe7 42. Qd5+ Ka7 43. Qxf5 R4g5 44. Qe6 Qb7 45. Nd5 R5g6 46. Qe4
Rg4 47. Qe8 R4g5 48. Rh8 Rf7 49. Ke2 Rgf5 50. f4 Rg7 51. Kf2 Rff7 52. Qc8 Qxc8
53. Rxc8 Rh7 54. g4 Rh2+ 55. Kf3 Kb7 56. Re8 Rb2 57. g5 Rh7 58. Re7+ Rxe7 59.
Nxe7 Rb1 60. g6 Rg1 61. f5 Kc7 62. f6 1-0

[Event "II Open FIDE"]
[Site "Forli' ITA"]
[Date "1989.06.25"]
[Round "9"]
[White "Michalet, Guy"]
[Black "Pozzi, Enrico"]
[WhiteElo "2215"]
[BlackElo "2295"]
[Result "1/2-1/2"]
[PlyCount "81"]
[EventDate "1989.06.17"]

1. c4 Nf6 2. Nc3 g6 3. g3 Bg7 4. Bg2 O-O 5. e4 d6 6. Nge2 e5 7. O-O Nc6 8. f4
Ne8 9. f5 Nd4 10. g4 c6 11. d3 Qh4 12. h3 h5 13. Nxd4 exd4 14. Nb1 Be5 15. Qe1
Bg3 16. Qe2 Nf6 17. gxh5 Nxh5 18. Qg4 Kg7 19. Bg5 Qxg4 20. hxg4 Nf6 21. Bf3 Rh8
22. Kg2 Be5 23. Rh1 Rxh1 24. Kxh1 Bd7 25. Nd2 Rh8+ 26. Kg1 Rh2 27. Bxf6+ Kxf6
28. Bg2 Rh4 29. g5+ Ke7 30. Nf3 Rh5 31. f6+ Kd8 32. Kf2 c5 33. Nxe5 dxe5 34.
Rh1 Rxh1 35. Bxh1 b5 36. Bf3 Kc7 37. Ke1 Kb6 38. Kd2 Ka5 39. Kc2 Bh3 40. b3
bxc4 41. bxc4 1/2-1/2

[Event "II Open FIDE"]
[Site "Forli' ITA"]
[Date "1989.06.25"]
[Round "9"]
[White "Pastorini, Mario"]
[Black "Caposciutti, Maurizio"]
[WhiteElo "2305"]
[BlackElo "2265"]
[Result "1-0"]
[PlyCount "123"]
[EventDate "1989.06.17"]

1. c4 c5 2. Nc3 Nf6 3. g3 g6 4. Bg2 Bg7 5. Nf3 Nc6 6. O-O O-O 7. d4 d6 8. d5
Na5 9. Nd2 a6 10. Qc2 Rb8 11. b3 b5 12. Bb2 bxc4 13. bxc4 Bh6 14. f4 Ng4 15.
Nd1 Rxb2 16. Qxb2 Bg7 17. Qc1 Bxa1 18. Qxa1 Bd7 19. h3 Nf6 20. e4 Ne8 21. Qc3
e6 22. Ne3 exd5 23. cxd5 f6 24. Rb1 Rf7 25. Bf1 Bc8 26. Ndc4 Nxc4 27. Bxc4 Rb7
28. Rxb7 Bxb7 29. e5 fxe5 30. fxe5 Qg5 31. Kh2 dxe5 32. h4 Qf6 33. d6+ Kf8 34.
d7 Nd6 35. Ng4 Qe7 36. Qxe5 Qxe5 37. d8=Q+ Qe8 38. Qxd6+ Qe7 39. Qxe7+ Kxe7 40.
Kg1 Kd6 41. Kf2 h5 42. Nh2 Bd5 43. Bxd5 Kxd5 44. Ke3 Kc4 45. Kd2 Kd4 46. Nf3+
Ke4 47. Ng5+ Kf5 48. Ke3 c4 49. Ne4 Ke5 50. Nc3 Kf5 51. Ne2 Kg4 52. Kf2 Kf5 53.
Kf3 Ke5 54. Ke3 Kf5 55. Kd4 Kg4 56. Kxc4 Kf3 57. Kd3 Kf2 58. a4 a5 59. Nf4 Kxg3
60. Nxg6 Kg4 61. Ke4 Kg3 62. Kf5 1-0

[Event "II Open FIDE"]
[Site "Forli' ITA"]
[Date "1989.06.25"]
[Round "9"]
[White "Taimanov, Mark E."]
[Black "Kosten, Anthony C."]
[WhiteElo "2480"]
[BlackElo "2505"]
[Result "0-1"]
[PlyCount "130"]
[EventDate "1989.06.17"]

1. Nf3 d6 2. d4 g6 3. e4 Nf6 4. Nbd2 Bg7 5. c3 O-O 6. Bd3 Nc6 7. O-O Nd7 8. Nc4
b5 9. Ne3 Rb8 10. a4 b4 11. Bd2 bxc3 12. bxc3 e5 13. Nc2 Ne7 14. Rb1 Rxb1 15.
Qxb1 d5 16. dxe5 Nxe5 17. Nxe5 dxe4 18. Nxf7 Qxd3 19. Nh6+ Kh8 20. Qc1 Qd7 21.
c4 Nc6 22. a5 Ne5 23. Nb4 c5 24. Nd5 Ba6 25. Bc3 Nd3 26. Qa1 Bxc4 27. Nf6 Qe7
28. Nxe4 Bd5 29. Ng3 c4 30. Ng4 Bxc3 31. Qxc3+ Qg7 32. Ne2 Qxc3 33. Nxc3 Be6
34. Ne3 Rb8 35. Ra1 Rb3 36. Ned1 Kg7 37. Kf1 Kf6 38. Ke2 Nf4+ 39. Kf3 Ke5 40.
Rc1 Bd5+ 41. Kg4 Nxg2 42. Kg5 Be6 43. Rc2 Nf4 44. Rd2 Bf5 45. Kh6 Bd3 46. f3
Kf6 47. h4 Ra3 48. Ne4+ Ke5 49. Ne3 Ra1 50. Kxh7 Re1 51. Ng4+ Kd4 52. Rb2 Bxe4
53. fxe4 Rxe4 54. Nh2 Nd3 55. Rc2 Rxh4+ 56. Kxg6 Ne5+ 57. Kf5 c3 58. Rg2 Rh5+
59. Kf4 Nd3+ 60. Kg4 Rxa5 61. Nf3+ Ke3 62. Rc2 Rc5 63. Ng1 Ne5+ 64. Kg3 Kd3 65.
Rh2 c2 0-1

[Event "II Open FIDE"]
[Site "Forli' ITA"]
[Date "1989.06.25"]
[Round "9"]
[White "Vezzosi, Paolo"]
[Black "Vaisser, Anatoly V."]
[WhiteElo "2340"]
[BlackElo "2525"]
[Result "0-1"]
[PlyCount "114"]
[EventDate "1989.06.17"]

1. Nf3 f5 2. g3 g6 3. Bg2 Bg7 4. d4 Nf6 5. O-O O-O 6. c4 d6 7. Nc3 c6 8. d5 e5
9. dxe6 Bxe6 10. Qd3 Na6 11. Bf4 Qa5 12. a3 Nc5 13. Qc2 Nce4 14. Nxe4 Nxe4 15.
Ng5 Nxg5 16. Bxg5 d5 17. cxd5 Bxd5 18. Bd2 Qb5 19. Bc3 Bxg2 20. Kxg2 Bxc3 21.
bxc3 Rad8 22. Rfd1 Qc4 23. Rab1 b5 24. Rb4 Qe6 25. Rbd4 Rxd4 26. Rxd4 Re8 27.
Kf1 c5 28. Rd2 Qe4 29. Qxe4 Rxe4 30. Rd8+ Kf7 31. Rd7+ Re7 32. Rd6 Re4 33. Ra6
Rc4 34. Ke1 Rxc3 35. Kd2 Rb3 36. Kc2 c4 37. h4 h5 38. Rxa7+ Ke6 39. Ra5 Kd6 40.
Ra8 Kc6 41. Ra6+ Kd5 42. Ra8 f4 43. gxf4 Ke4 44. Rb8 Rxa3 45. Rxb5 Ra2+ 46. Kc3
Rxe2 47. Rg5 Rxf2 48. Rxg6 Rxf4 49. Rh6 Rxh4 50. Kxc4 Rh2 51. Kc3 h4 52. Re6+
Kf5 53. Rh6 h3 54. Kd3 Kf4 55. Rh8 Ra2 56. Rh7 h2 57. Rh8 Kf3 0-1

[Event "II Open FIDE"]
[Site "Forli' ITA"]
[Date "1989.06.25"]
[Round "9"]
[White "Votruba, Pavel"]
[Black "Santolini, Luigi"]
[WhiteElo "2355"]
[BlackElo "2235"]
[Result "1/2-1/2"]
[PlyCount "140"]
[EventDate "1989.06.17"]

1. Nf3 d5 2. d4 e6 3. c4 Be7 4. Nc3 Nf6 5. cxd5 exd5 6. Bg5 c6 7. Qc2 O-O 8. e3
Nbd7 9. Bd3 Re8 10. O-O Nf8 11. Bxf6 Bxf6 12. b4 Qd6 13. Rab1 Bg4 14. Nd2 Bh5
15. Rfc1 a6 16. Na4 Bg6 17. Nc5 Bxd3 18. Qxd3 Qc7 19. a4 Be7 20. b5 axb5 21.
axb5 Bxc5 22. Rxc5 Ne6 23. Rc2 Rec8 24. bxc6 bxc6 25. Nf3 Qd6 26. Rbc1 c5 27.
dxc5 Rxc5 28. g3 Rxc2 29. Qxc2 g6 30. Rd1 Rd8 31. Kg2 Qb6 32. Qc3 Qc5 33. Qxc5
Nxc5 34. Ne5 Ne4 35. Nc6 Ra8 36. Nb4 Ra4 37. Nxd5 Ra2 38. Rf1 Nd2 39. Nc3 Rc2
40. Rd1 Kg7 41. h4 h5 42. Ne2 Nc4 43. Re1 Ne5 44. Nd4 Ra2 45. Re2 Ra1 46. e4
Rb1 47. Nf3 Ng4 48. Nh2 Nxh2 49. Kxh2 Kf6 50. Kg2 Ke5 51. f4+ Kf6 52. Re3 Rb2+
53. Kf3 Rb1 54. Rc3 Rf1+ 55. Ke3 Re1+ 56. Kf3 Rf1+ 57. Ke2 Rg1 58. Kf2 Rb1 59.
Ke3 Re1+ 60. Kd4 Rd1+ 61. Rd3 Ra1 62. Ke3 Re1+ 63. Kf3 Rf1+ 64. Ke2 Rg1 65. Kf2
Ra1 66. Rd6+ Kg7 67. e5 Ra3 68. Rd7 Kf8 69. Rb7 Ra2+ 70. Kf3 Ra3+ 1/2-1/2